000 00977nas a2200337 4500
001 BR9902767
003 BR-BrBNA
005 20231205101421.0
007 ta
008 230509b bl.|||p| |||| 00| 00por d
040 _aBR-BrBNA
_bpor
_cBiblioteca Nacional de Agricultura
041 _a(Pt)
072 _aH20
100 1 _aSilva, M.B.
100 1 _aVale, F.X.R.
100 1 _aZambolim, L.
100 1 _aHau, B.
245 1 _aEfeitos da ferrugem, da antracnose e da mancha-angular na area foliar de plantas de feijoeiro em condicoes de campo
650 _aFeijao
650 _aFerrugem
650 _aAntracnose
650 _aMancha Angular
650 _aPatogeno
650 _aArea Foliar
650 _aControle Quimico
650 _aTratamento
650 _aMinas Gerais
773 0 _tFitopatologia Brasileira (Brazil)
_xISSN 0100-4158
_g(Dec 1998), v. 23(4) p. 442-447
_wBR9902767
909 _a202311
_bLúcia
_c55
_dLúcia Elande
942 _2AGRIS
_n0
_cANA
999 _c161706
_d161706